The Strategy Concept and Process : A Pragmatic Approach /

Los autores plantean una propuesta de proceso para facilitar la formulación e implementación de una planeación estratégica, que permita imprimir la visión de la firma dentro de toda la organización.

保存先:
書誌詳細
第一著者: Hax, Arnoldo C. (autor)
その他の著者: Majluf, Nicolas S. (autor) (autor)
フォーマット: 図書
言語:英語
出版事項: Upper Saddle River, EUA : Prentice-Hall, 1996, c1996
版:2a edición
主題:
タグ: タグ追加
タグなし, このレコードへの初めてのタグを付けませんか!

MARC

LEADER 00000nam^a2200000^a^4500
001 000137687
005 20250521000000.0
009 20260310095401.395
020 |a 0-13-458894-0 
037 |a Acervo ITESO - Biblioteca 
041 |a ING 
082 |a 658. 4012  |b HAX 
100 |a Hax, Arnoldo C.  |e (autor) 
245 1 4 |a The Strategy Concept and Process :  |b A Pragmatic Approach /  |c A.C. Hax, N.S. Majluf. 
250 |a 2a edición 
264 4 |a Upper Saddle River, EUA :  |b Prentice-Hall,  |c 1996, c1996 
300 |a XVI, 440 p. 
336 |a texto  |b txt  |2 rdacontenido 
337 |a sin mediación  |b n  |2 rdamedio 
338 |a volumen  |b nc  |2 rdasoporte 
520 |a Los autores plantean una propuesta de proceso para facilitar la formulación e implementación de una planeación estratégica, que permita imprimir la visión de la firma dentro de toda la organización. 
649 |a XX 
650 |a Planeación Estratégica 
650 |a Cultura Organizacional 
650 |a Liderazgo 
650 |a Proceso Administrativo -  |x Dirección 
650 |a Empresas -  |x Administración 
650 |a Ciencias Administrativas -  |x Metodología 
700 |a Majluf, Nicolas S.  |e (autor) 
910 |a Fondo General 
920 |a Impresos - Libros 
930 |a Colección General 
905 |a 101 
901 |a 0500066279  |b IT1  |c ACC  |u 20250521 
901 |a 0500066331  |b IT1  |c ACC  |u 20250521 
902 |a https://opac.biblio.iteso.mx/vufind/Record/000137687